| 000 | 00412nam a2200169Ia 4500 | ||
|---|---|---|---|
| 008 | 230524s9999 xx 000 0 und d | ||
| 020 | _a978938007602 | ||
| 082 | _bROY | ||
| 100 |
_aH.J.Ghosh Roy _942016 |
||
| 245 | 2 | _aA Textbook of Accounting for Managers | |
| 250 | _a4 | ||
| 260 |
_aNew Delhi _bVayu edu. _c2011 |
||
| 300 | _a727p; | ||
| 500 | _aQuantity Number: 1 | ||
| 650 | _aEconomics | ||
| 942 | _cBK | ||
| 999 |
_c56430 _d56430 |
||